000 00271nam a22001217a 4500
008 170315b xxu||||| |||| 00| 0 eng d
041 _aeng
080 _a591
100 _a7
101 _aSHM
245 _aPARASITIC DISEASES OF WILD MAMMALS
_cDAVIS, J.W
942 _2udc
_cBK
999 _c7824
_d7824